000 01138nam a22003497a 4500
003 CHAP
005 20220817042904.0
008 971013s1994 r 00010 d
010 _a58946
011 _a59918
035 _a64078
040 _cCHAP
082 _a631.523
_bE5
100 0 0 _aEllis, Brian E.
_eed.
_936381
245 _aGenetic engineering of plant secondary metabolism
260 _aNew York :
_bPlenum Press,
_c1994
300 _a368 p.
490 _aRecent advances in phytochemistry
_v; 28
590 _aBATCH-UPD
_b10
_c20130110
_lUCH01
_h0620
590 _aBATCH-UPD
_b10
_c20130410
_lUCH01
_h0303
590 _aBATCH-UPD
_b10
_c20130914
_lUCH01
_h1257
590 _aCONVERSION
_b10
_c20130109
_lUCH01
_h1332
650 1 4 _aGenética vegetal.
650 1 4 _aIngeniería genética.
_958228
650 1 4 _aPlantas
_xMetabolismo.
_988858
700 0 _aKuroki, Gary W.
_eed.
_964119
700 0 _aStafford, Helen A.
_eed.
_9109383
830 0 _aRecent advances in phytochemistry
_v; 28
_994982
901 _aBK
942 _cLIBRO
949 _a631.523 E5
_bBC
_cLIBRO
_d33724000083168
_eLIBRO
_gI. 180777
_h90087
_i64078
_si
_t327.00
999 _c58946
_d58946